Datum a čas kvízu
41.5
Celkem bodů
Celkový počet nahraných bodů na tomto kvízu bez doplňovacích otázek.
2.
Pořadí na kvízu
Konečné umístění týmu na tomto kvízu.
Zaznamenané odpovědi
| # | Otázka | Odpověď | Body | Výsledky |
|---|---|---|---|---|
| 1. | Krátce po sobotním poledni vyj... | z Malešic | 0 | |
| 2. | V úterý se jeden karibský stát... | Barbados | 1 | |
| 3. | Minulý týden jsme se dozvěděli... | Iva Pazderková | 0 | |
| 4. | Životní úroveň v Česku se loni... | Lucembursko | 1 | |
| 5. | Brankář týmu Arizona Coyotes s... | Karel Vejmelka | 1 | |
| 6. | Po slavných psech a koních při... | 1963 (Uznáváme 1960–66.) | 1 | |
| 7. | Kočka na obrázku pochází ze st... | Simonova kočka (Simon's Cat) | 1 | |
| 8. | Ve Spojeném království jsou ko... | myšilov | 0 | |
| 9. | Neopomeneme ani slavné literár... | Hunger Games | 1 | |
| 10. | Téma slavných koček zakončíme... | Bastet | 0 |